[Event "Internationaux de France BLITZ"]
[Site "Saint Maur des Fosses, France"]
[Date "2024.06.16"]
[Round "1.1"]
[White "Moussard, Jules"]
[Black "Ben Soussan, Mathieu"]
[Result "1-0"]
[WhiteElo "2610"]
[BlackElo "1723"]
[PlyCount "35"]
[EventDate "2024.??.??"]

1. e4 {6} d5 {2} 2. Nc3 {7} Nf6 {7} 3. e5 {14} d4 {2} 4. Nce2 {12} Nfd7 {27} 5.
e6 {3} Nf6 {35} 6. exf7+ {2} Kxf7 {2} 7. Nf3 {11} Nc6 {43} 8. c3 {5} h6 {45} 9.
Nexd4 {5} Nxd4 {24} 10. Nxd4 {2} e6 {32} 11. Nf3 {5} Bd6 {7} 12. d4 {1} Re8 {18
} 13. Bd3 {4} Kg8 {18} 14. O-O {4} e5 {11} 15. dxe5 {1} Bxe5 {2} 16. Nxe5 {2}
Rxe5 {3} 17. Bh7+ {3} Kxh7 {10} 18. Qxd8 1-0

[Event "Internationaux de France BLITZ"]
[Site "Saint Maur des Fosses, France"]
[Date "2024.06.16"]
[Round "1.2"]
[White "Payel, Jean-Luc"]
[Black "Fressinet, Laurent"]
[Result "0-1"]
[WhiteElo "1719"]
[BlackElo "2633"]
[PlyCount "61"]
[EventDate "2024.??.??"]

1. c4 {2} Nf6 {2} 2. Nc3 {2} g6 {1} 3. g3 {1} Bg7 {3} 4. Bg2 {1} O-O {3} 5. d4
{2} d6 {4} 6. e4 {4} Nc6 {5} 7. Nge2 {2} e5 {9} 8. d5 {7} Nd4 {1} 9. Nxd4 {2}
exd4 {2} 10. Ne2 {2} Re8 {9} 11. Nxd4 {16} Nxe4 {19} 12. O-O {2} Bd7 {8} 13.
Be3 {12} a5 {12} 14. Rc1 {12} Qc8 {21} 15. f3 {22} Nxg3 {5} 16. hxg3 {3} Rxe3 {
2} 17. b3 {22} Qb8 {7} 18. Nc2 {12} Re7 {5} 19. Re1 {3} Qa7+ {2} 20. Kh1 {12}
Rae8 {3} 21. Rxe7 {11} Rxe7 {2} 22. Qg1 {8} Qxg1+ {13} 23. Kxg1 Re2 {11} 24.
Kf1 {1} Rd2 {2} 25. a3 {14} Bb2 {3} 26. Re1 {10} Rxc2 {4} 27. Re7 {1} Bf5 {2}
28. g4 {3} Bd3+ {2} 29. Kg1 {2} Bd4+ {3} 30. Kh1 {4} Be5 {4} 31. Bh3 {8} 0-1

[Event "Internationaux de France BLITZ"]
[Site "Saint Maur des Fosses, France"]
[Date "2024.06.16"]
[Round "1.3"]
[White "Lagarde, Maxime"]
[Black "El Zein, Bassam"]
[Result "1-0"]
[WhiteElo "2604"]
[BlackElo "1714"]
[PlyCount "79"]
[EventDate "2024.??.??"]

1. Nf3 d5 {3} 2. e3 {1} c5 {3} 3. c4 {2} d4 {3} 4. b4 {3} dxe3 {16} 5. fxe3 {2}
e6 {5} 6. bxc5 {3} Bxc5 {2} 7. d4 {3} Bb4+ {2} 8. Bd2 {2} Bxd2+ {2} 9. Qxd2 {2}
Nf6 {2} 10. Bd3 {3} O-O {3} 11. Nc3 {3} Bd7 {2} 12. O-O {6} Nc6 {2} 13. Ng5 {23
} h6 {10} 14. Nge4 {1} Nxe4 {5} 15. Nxe4 {2} f5 {10} 16. Nd6 {12} Bc8 {26} 17.
c5 {5} Qg5 {9} 18. Bc4 {6} Rf6 {32} 19. Rf3 {8} Bd7 {21} 20. Raf1 {5} Raf8 {7}
21. Qf2 {18} Kh7 {12} 22. Rg3 {4} Qh5 {43} 23. Be2 {2} Qg6 {8} 24. Rxg6 {3}
Rxg6 {1} 25. Qf4 {5} Ne7 {5} 26. Bf3 {3} Rg5 {6} 27. Nxb7 {21} Ng6 {8} 28. Qd6
{2} Bb5 {2} 29. h4 {11} Bxf1 {27} 30. hxg5 {6} Bc4 {3} 31. gxh6 {15} Kxh6 {3}
32. c6 {3} f4 {5} 33. e4 {3} Rc8 {7} 34. c7 {4} Ba6 {2} 35. Nc5 {2} Bc4 {7} 36.
e5 {2} Bd5 {3} 37. Bxd5 {2} exd5 {2} 38. Qd7 {2} Rf8 {8} 39. Qh3+ {3} Kg5 {2}
40. Ne6# {2} 1-0

[Event "Internationaux de France BLITZ"]
[Site "Saint Maur des Fosses, France"]
[Date "2024.06.16"]
[Round "1.4"]
[White "Bocquenet-Drouode, Hugo"]
[Black "Bellahcene, Bilel"]
[Result "0-1"]
[WhiteElo "1708"]
[BlackElo "2544"]
[PlyCount "53"]
[EventDate "2024.??.??"]

1. d4 {1} Nf6 {1} 2. Nc3 e6 3. e4 {2} d5 {1} 4. exd5 exd5 5. Bf4 {1} Bb4 {3} 6.
Bd3 {10} O-O {2} 7. a3 {19} Bd6 8. Nge2 {20} Bxf4 {5} 9. Nxf4 {2} Re8+ {1} 10.
Nfe2 {3} Bg4 {2} 11. h3 {5} Bxe2 {5} 12. Nxe2 {2} Qd6 {10} 13. O-O {5} Nbd7 {1}
14. Ng3 {7} g6 {3} 15. c3 {4} Qf4 {11} 16. Qc1 {10} Qxc1 {9} 17. Raxc1 Re6 {3}
18. Rfe1 {3} Rae8 19. Kf1 {3} Kf8 {1} 20. Rxe6 {6} Rxe6 {5} 21. Re1 {4} Rb6 22.
Re2 {6} h5 {1} 23. Ke1 {25} h4 {7} 24. Nf1 {1} Nh5 {1} 25. g3 {12} Ndf6 {17}
26. b4 Nh7 {16} 27. Re3 {52} 0-1

[Event "Internationaux de France BLITZ"]
[Site "Saint Maur des Fosses, France"]
[Date "2024.06.16"]
[Round "1.6"]
[White "Josso, Baptiste"]
[Black "Yuffa, Daniil"]
[Result "0-1"]
[WhiteElo "1705"]
[BlackElo "2609"]
[PlyCount "64"]
[EventDate "2024.??.??"]

1. e4 c5 {5} 2. Nf3 {2} Nc6 {1} 3. Bb5 {1} d6 {2} 4. O-O {6} Bd7 {2} 5. c3 {5}
a6 {4} 6. Bxc6 {15} Bxc6 {1} 7. Re1 {2} Nf6 {26} 8. d3 {36} e6 {11} 9. a4 {6}
Be7 {8} 10. Bf4 {10} O-O {4} 11. Nbd2 {2} b5 {11} 12. axb5 {28} axb5 {2} 13. d4
{20} Rxa1 {27} 14. Qxa1 {1} Qa8 {2} 15. e5 {22} dxe5 {5} 16. Bxe5 {5} Qb7 {11}
17. Qb1 {31} cxd4 {12} 18. Bxd4 {7} h6 {5} 19. Qd3 {30} Rd8 {7} 20. Qe2 {5} b4
{20} 21. Ra1 {55} bxc3 {9} 22. bxc3 {7} Qb2 {6} 23. Re1 {15} Ba8 {49} 24. h3 {3
} Qc2 {16} 25. Ne5 {35} Qf5 {3} 26. Ndf3 {6} Nd5 {5} 27. g3 {22} Qxh3 {8} 28.
Ra1 {3} Bf6 {14} 29. Rb1 {4} Bxe5 {12} 30. Bxe5 {2} f6 {9} 31. Bd4 Nf4 {5} 32.
Qe3 {2} Qg2# {1} 0-1

[Event "Internationaux de France BLITZ"]
[Site "Saint Maur des Fosses, France"]
[Date "2024.06.16"]
[Round "1.7"]
[White "David, Alberto"]
[Black "Negre, Emilie"]
[Result "1-0"]
[WhiteElo "2502"]
[BlackElo "2122"]
[PlyCount "45"]
[EventDate "2024.??.??"]

1. e4 e5 {3} 2. Nf3 Nc6 {1} 3. Bb5 a6 {2} 4. Ba4 Nf6 {3} 5. O-O {1} Bc5 {2} 6.
c3 {11} Ba7 {4} 7. d3 {7} d6 {17} 8. h3 {11} O-O {8} 9. Bg5 {3} h6 {5} 10. Bh4
Re8 {90} 11. Nbd2 {3} Be6 {8} 12. Bxc6 {23} bxc6 {3} 13. d4 exd4 {56} 14. Nxd4
{2} Bd7 {22} 15. Qf3 {2} g5 {57} 16. Bg3 {1} c5 {25} 17. Nf5 {19} Kh7 {24} 18.
h4 {40} Bc6 {6} 19. Rfe1 {1} Qd7 {11} 20. Nxh6 {12} Nxe4 {6} 21. Nxe4 {14} Qe6
{9} 22. Nxf7 {6} Bxe4 {6} 23. Nxg5+ {2} 1-0

[Event "Internationaux de France BLITZ"]
[Site "Saint Maur des Fosses, France"]
[Date "2024.06.16"]
[Round "1.8"]
[White "Gatineau, Milann"]
[Black "Guliyev, Namig"]
[Result "0-1"]
[WhiteElo "1704"]
[BlackElo "2486"]
[PlyCount "68"]
[EventDate "2024.??.??"]

1. d4 {1} d5 {3} 2. Bf4 {3} c5 {2} 3. c3 {3} Nc6 {3} 4. Nf3 {4} Qb6 {6} 5. Qd2
{22} Nf6 {7} 6. dxc5 {46} Qxc5 {2} 7. Be3 {9} Qa5 {7} 8. g3 {26} e5 {5} 9. Bg2
{17} Ne4 {2} 10. Qc2 {10} Bf5 {4} 11. Nh4 {26} Be6 {3} 12. Bxe4 {16} dxe4 {4}
13. Qxe4 {4} Bd5 {4} 14. Qf5 {24} Bxh1 {6} 15. f3 {7} Be7 {7} 16. Nd2 {17} g6 {
11} 17. Qg4 {24} f5 {20} 18. Qh3 {24} O-O {46} 19. Nb3 {26} Qd5 {12} 20. Kf2 {6
} f4 {3} 21. Bd2 {12} Bc5+ {7} 22. Nxc5 {6} Qxc5+ {8} 23. Kf1 {8} Rad8 {8} 24.
Be1 {8} e4 {16} 25. Qe6+ {10} Kg7 {14} 26. Qxe4 {6} Rde8 {7} 27. Qc2 {7} Nd4 {
28} 28. Qd2 {7} Nxe2 {6} 29. Bf2 {4} Qc4 {6} 30. Bd4+ {4} Nxd4+ {4} 31. Kg1 {3}
Nxf3+ {6} 32. Nxf3 {3} Bxf3 {3} 33. Rf1 {5} Re2 {8} 34. Qd4+ {4} Qxd4+ {3} 0-1

[Event "Internationaux de France BLITZ"]
[Site "Saint Maur des Fosses, France"]
[Date "2024.06.16"]
[Round "2.1"]
[White "Belardinelli, Franco"]
[Black "Moussard, Jules"]
[Result "0-1"]
[WhiteElo "1880"]
[BlackElo "2610"]
[PlyCount "80"]
[EventDate "2024.??.??"]

1. e4 {1} Nc6 {10} 2. d4 {2} d5 3. Nc3 {1} dxe4 {11} 4. d5 {1} Ne5 {3} 5. Nxe4
{6} e6 {17} 6. c4 {53} exd5 {18} 7. cxd5 {1} Bb4+ {17} 8. Nc3 {5} Qe7 {3} 9.
Be3 {14} Nf6 {4} 10. Bb5+ {15} c6 {9} 11. dxc6 {12} bxc6 {2} 12. Ba4 {13} Ba6 {
9} 13. Bc2 {14} Rd8 {4} 14. Qc1 {17} Qe6 {24} 15. Nge2 {21} Qg4 16. O-O {52}
Bxe2 {31} 17. Nxe2 {3} Qxe2 {4} 18. a3 {23} Bd2 {2} 19. Qd1 {34} Qxd1 {3} 20.
Raxd1 {2} Bxe3 {1} 21. fxe3 {2} Ke7 {1} 22. Ba4 {13} Rxd1 {3} 23. Rxd1 Rd8 {1}
24. Rc1 {1} Rd2 {10} 25. Rc2 {9} Rxc2 {9} 26. Bxc2 {1} Nc4 27. Ba4 {6} Kd6 {1}
28. Kf2 {9} Nxb2 {7} 29. Bb3 Nd3+ {2} 30. Kg3 {6} Ne4+ {3} 31. Kh4 {7} Ne5 {17}
32. g3 {13} Nf2 {7} 33. Bc2 {3} h6 {2} 34. h3 {4} g6 {7} 35. g4 {1} Nh1 {6} 36.
Bd1 {10} Ke6 {8} 37. Be2 {3} Kf6 {3} 38. e4 {9} g5+ {3} 39. Kh5 {2} Kg7 {1} 40.
a4 {6} Ng3# {3} 0-1

[Event "Internationaux de France BLITZ"]
[Site "Saint Maur des Fosses, France"]
[Date "2024.06.16"]
[Round "2.2"]
[White "Fressinet, Laurent"]
[Black "El Zein, Zayne-Eddine"]
[Result "1-0"]
[WhiteElo "2633"]
[BlackElo "2042"]
[PlyCount "77"]
[EventDate "2024.??.??"]

1. d4 d5 {2} 2. Nf3 {2} Nf6 {2} 3. c4 {2} e6 {1} 4. Nc3 {2} Be7 {1} 5. g3 {4}
O-O {3} 6. Bg2 {1} dxc4 {6} 7. O-O {7} c5 {13} 8. dxc5 {11} Qc7 {34} 9. Qa4 {22
} Qxc5 {11} 10. Be3 {2} Qc6 {19} 11. Ne5 {15} Qxa4 {3} 12. Nxa4 {3} Nd5 {11}
13. Nxc4 {45} b5 {50} 14. Nc3 {2} bxc4 {26} 15. Nxd5 {2} exd5 {10} 16. Bxd5 {2}
Bh3 {11} 17. Bxa8 {7} Bxf1 {4} 18. Kxf1 {23} Bf6 {13} 19. Rc1 {4} Rc8 {5} 20.
Bd5 {21} Bxb2 {16} 21. Rxc4 {1} Rxc4 {5} 22. Bxc4 {1} Nc6 {32} 23. Ke1 {7} a5 {
36} 24. Kd2 {22} Kf8 {33} 25. Bc5+ {7} Ke8 {13} 26. Bb5 {6} Kd7 {8} 27. Bb6 {8}
Kd6 {12} 28. Bxc6 {4} Kxc6 {2} 29. Bxa5 {2} Bd4 {2} 30. e3 {7} Bc5 {2} 31. a4 {
8} Kd5 {3} 32. Kd3 {5} f5 {4} 33. Bc3 {6} g6 {5} 34. f3 {10} Bb6 {7} 35. e4+ {2
} fxe4+ {3} 36. fxe4+ {1} Ke6 {4} 37. a5 {3} Ba7 {7} 38. Bd4 {4} Bb8 {2} 39. a6
{Kd5 [%clk 00:00:00] 3} 1-0

[Event "Internationaux de France BLITZ"]
[Site "Saint Maur des Fosses, France"]
[Date "2024.06.16"]
[Round "2.3"]
[White "Thill-Solente, Gabriel"]
[Black "Lagarde, Maxime"]
[Result "0-1"]
[WhiteElo "2044"]
[BlackElo "2604"]
[PlyCount "66"]
[EventDate "2024.??.??"]

1. e4 c5 {1} 2. Nf3 {1} d6 3. d4 cxd4 4. Nxd4 Nf6 5. Nc3 g6 6. Be3 {3} Bg7 {1}
7. f3 {1} Nc6 {2} 8. Qd2 O-O {2} 9. O-O-O {3} d5 {1} 10. exd5 {11} Nxd5 {2} 11.
Nxc6 {1} bxc6 {1} 12. Bd4 {1} e5 13. Bc5 {2} Be6 14. Ne4 {10} Re8 {2} 15. h4 {
35} h5 {1} 16. Bc4 {9} a5 {2} 17. Kb1 {16} a4 18. a3 {5} Qa5 19. Qf2 {30} Rab8
{70} 20. Ka1 {103} f5 {6} 21. Ng5 {34} Kh8 {17} 22. Nxe6 {71} Rxe6 {2} 23. Ba7
{1} Rb7 {11} 24. Bc5 {6} e4 {21} 25. Bd4 {3} e3 26. Bxg7+ {1} Kxg7 {3} 27. Qe2
{5} Nf4 {29} 28. Qe1 {18} Qe5 29. c3 {6} Nxg2 {45} 30. Qg1 e2 {1} 31. Re1 {9}
Nxe1 {6} 32. Qxe1 Rd6 {20} 33. Qf2 {4} Rd1+ {4} 0-1

[Event "Internationaux de France BLITZ"]
[Site "Saint Maur des Fosses, France"]
[Date "2024.06.16"]
[Round "2.4"]
[White "Bellahcene, Bilel"]
[Black "Savignon Schmidt, Maxime"]
[Result "1-0"]
[WhiteElo "2544"]
[BlackElo "1968"]
[PlyCount "97"]
[EventDate "2024.??.??"]

1. e4 c5 {1} 2. Nf3 d6 {1} 3. d4 cxd4 {2} 4. Nxd4 Nf6 {1} 5. Nc3 Nc6 {2} 6. h4
{3} e6 {9} 7. Nxc6 {2} bxc6 {2} 8. Qf3 Be7 {17} 9. b3 {6} e5 {7} 10. Bb2 {3}
Qc7 {4} 11. Be2 {8} Be6 {22} 12. O-O-O {2} Rd8 {21} 13. Qg3 {30} Kf8 {26} 14.
f4 {4} h5 {80} 15. Kb1 {9} Bg4 {23} 16. Rhe1 {7} Rh6 {21} 17. f5 {8} g6 {24}
18. Bc1 {3} Rh8 {2} 19. fxg6 {35} fxg6 {5} 20. Bg5 {13} Bxe2 {24} 21. Rxe2 {1}
Kg7 22. Bxf6+ {33} Bxf6 23. Qh3 {3} Qd7 {12} 24. Qh2 {20} Qg4 {9} 25. g3 Rhf8 {
6} 26. Red2 {3} Be7 {2} 27. Rd3 {22} Rf7 {5} 28. Qg1 {4} Rd7 {12} 29. Qe3 {1}
Rf6 {10} 30. Na4 {2} Bd8 {5} 31. Kb2 {14} Bc7 {4} 32. Re1 {10} Rdf7 {3} 33.
Qxa7 {5} d5 {12} 34. Qc5 {22} dxe4 {9} 35. Rde3 Rf3 {12} 36. Rxe4 Qxg3 {2} 37.
Qxc6 Kh6 {6} 38. Nc5 {9} Ba5 {1} 39. b4 {1} Bc7 {8} 40. R1e2 {16} Rf2 {2} 41.
Rxf2 {16} Qxf2 {1} 42. Nd3 {6} Qf5 {3} 43. Rc4 {45} Bd8 {6} 44. Qd5 {16} Bf6 {2
} 45. Qxf7 {33} e4+ 46. Kb3 {1} exd3 {1} 47. Qf8+ Bg7 {1} 48. Qxf5 {4} gxf5 {1}
49. cxd3 1-0

[Event "Internationaux de France BLITZ"]
[Site "Saint Maur des Fosses, France"]
[Date "2024.06.16"]
[Round "2.5"]
[White "Boulos, Paul"]
[Black "Dardha, Daniel"]
[Result "1/2-1/2"]
[WhiteElo "2063"]
[BlackElo "2649"]
[PlyCount "83"]
[EventDate "2024.??.??"]

1. e4 {2} c6 {1} 2. d4 {1} d5 3. Nc3 {1} dxe4 {2} 4. Nxe4 {1} Nf6 {2} 5. Nxf6+
{2} exf6 {1} 6. Bc4 {1} Na6 {3} 7. Nf3 {19} Bd6 {3} 8. Qe2+ {4} Qe7 9. Qxe7+ {3
} Bxe7 {9} 10. Bf4 {3} Nb4 {4} 11. O-O-O {20} b5 {9} 12. Bb3 {5} a5 {8} 13.
Rhe1 {4} Nd5 {42} 14. Bxd5 {40} cxd5 {1} 15. Bd6 {1} Be6 {1} 16. Bxe7 {1} Kxe7
{3} 17. Re3 {3} b4 {3} 18. Ne1 {6} h5 {48} 19. Nd3 {4} Kd6 {4} 20. Nc5 {7} h4 {
22} 21. Rde1 {2} Rae8 {7} 22. Nb7+ {25} Kc7 {4} 23. Nxa5 {8} Ra8 {8} 24. Nb3 {
11} Rxa2 {2} 25. Nc5 {4} Bf5 {27} 26. Re7+ {18} Kc6 {1} 27. Rxf7 {22} h3 {7}
28. g3 {15} Ra1+ {25} 29. Kd2 {1} Rxe1 {2} 30. Kxe1 {1} Ra8 {39} 31. Rxg7 {23}
Ra2 {3} 32. Rf7 {7} Bxc2 {2} 33. Rxf6+ {10} Kb5 34. b3 {37} Rb2 {1} 35. Rb6+ {
28} Ka5 {4} 36. Ra6+ {4} Kb5 {1} 37. Rb6+ {32} Ka5 {3} 38. Ra6+ {17} Kb5 {1}
39. Rb6+ Ka5 {14} 40. Ra6+ {1} Kb5 {3} 41. Rb6+ {1} Ka5 {54} 42. Ra6+ {1}
1/2-1/2

[Event "Internationaux de France BLITZ"]
[Site "Saint Maur des Fosses, France"]
[Date "2024.06.16"]
[Round "2.6"]
[White "Yuffa, Daniil"]
[Black "Pai Liu, Paul"]
[Result "1-0"]
[WhiteElo "2609"]
[BlackElo "2093"]
[PlyCount "43"]
[EventDate "2024.??.??"]

1. Nf3 {4} d5 {2} 2. c4 {1} e6 {3} 3. d4 {1} Nf6 {2} 4. g3 {1} Be7 {1} 5. Bg2 {
2} O-O {2} 6. Qc2 {2} c5 {18} 7. dxc5 {3} Nc6 {20} 8. cxd5 {16} Qxd5 {30} 9.
O-O {3} Bxc5 {9} 10. Nc3 {4} Qh5 {2} 11. Bg5 {70} Be7 {28} 12. h3 {45} e5 {28}
13. g4 {15} Qg6 {1} 14. Qxg6 {7} hxg6 {1} 15. Nd2 {14} Be6 {13} 16. Nb3 {14}
Rac8 {26} 17. e3 {3} b6 {72} 18. Rfd1 {6} Rfd8 {8} 19. Rxd8+ {7} Bxd8 {3} 20.
Nb5 {6} Nb4 {46} 21. Nxa7 {27} Ra8 22. Bxa8 {4} 1-0

[Event "Internationaux de France BLITZ"]
[Site "Saint Maur des Fosses, France"]
[Date "2024.06.16"]
[Round "2.7"]
[White "Roubert, Emile"]
[Black "David, Alberto"]
[Result "0-1"]
[WhiteElo "1985"]
[BlackElo "2502"]
[PlyCount "86"]
[EventDate "2024.??.??"]

1. e4 c5 {2} 2. Nf3 {2} e6 3. d4 {7} cxd4 {2} 4. Nxd4 {2} Nc6 5. Nc3 {2} Qc7 6.
Be2 {3} a6 {2} 7. O-O {4} Nf6 {1} 8. Kh1 {14} Be7 {6} 9. f4 {2} d6 {2} 10. Nxc6
{7} bxc6 {3} 11. Qd3 {4} h5 {55} 12. b3 {75} a5 {14} 13. Bb2 {14} h4 {23} 14.
e5 {25} dxe5 {7} 15. fxe5 {1} Qxe5 {2} 16. Na4 {6} Qc7 {14} 17. Qe3 {4} h3 {7}
18. g3 {9} c5 {12} 19. Bf3 {9} Bb7 {2} 20. Rad1 {53} Bc6 {43} 21. Kg1 {29} Rc8
{14} 22. c4 {23} Bxf3 {38} 23. Qxf3 {8} Qc6 {2} 24. Qxc6+ {7} Rxc6 {1} 25. Bc3
{1} Bd6 {19} 26. Bxa5 {15} Ng4 {4} 27. Bc3 {19} Ne3 {10} 28. Bxg7 {4} Rg8 29.
Bf6 {4} Rg6 {24} 30. Bc3 {12} Nxd1 {10} 31. Rxd1 {1} Ke7 {2} 32. Be1 {3} f5 {3}
33. Bf2 {1} f4 {2} 34. Rxd6 {4} Kxd6 {3} 35. Nc3 {4} Ke5 {4} 36. Kf1 {3} fxg3 {
5} 37. Bxg3+ {1} Kd4 {3} 38. Ne2+ {4} Ke3 {6} 39. Bf2+ {12} Kd2 {4} 40. Nf4 {3}
Rf6 {4} 41. Nxh3 {2} Rf5 {11} 42. Kg2 {4} e5 {1} 43. Ng1 {15} e4 0-1

[Event "Internationaux de France BLITZ"]
[Site "Saint Maur des Fosses, France"]
[Date "2024.06.16"]
[Round "2.8"]
[White "Guliyev, Namig"]
[Black "Lapitski, Yaroslav"]
[Result "1-0"]
[WhiteElo "2486"]
[BlackElo "2047"]
[PlyCount "81"]
[EventDate "2024.??.??"]

1. e4 {1} c6 {2} 2. d4 {2} d5 {2} 3. exd5 {1} cxd5 {2} 4. Bd3 {1} Nc6 {4} 5. c3
{2} Nf6 {5} 6. Bf4 {2} Bg4 {10} 7. Qb3 {2} Qd7 {57} 8. Nd2 {4} e6 {4} 9. Ngf3 {
2} Bd6 {7} 10. Bxd6 {3} Qxd6 {1} 11. O-O {3} Rb8 {7} 12. Rae1 {4} Bxf3 {17} 13.
Nxf3 {2} O-O {50} 14. Ne5 {21} Rfc8 {53} 15. Re3 {33} b5 {35} 16. Qd1 {6} b4 {
17} 17. g4 {9} Qc7 {31} 18. g5 {4} Nxe5 {20} 19. gxf6 {56} Nxd3 {14} 20. Qg4 {4
} g6 {10} 21. Rxd3 {2} Qd8 {5} 22. Rf3 {5} bxc3 {4} 23. bxc3 {2} Rb2 {6} 24.
Re1 {10} Rc6 {5} 25. h4 {6} h5 {3} 26. Qg5 {5} Qf8 {4} 27. Rfe3 {17} Kh7 {4}
28. a4 {31} Qh6 {1} 29. Qg3 {38} Ra6 {4} 30. Qc7 {14} Qf8 {3} 31. Rxe6 {6} Rxe6
{5} 32. Rxe6 {1} Rb1+ {2} 33. Kg2 {2} Kh6 {7} 34. Re7 {3} Rc1 {5} 35. Qf4+ {2}
Kh7 {3} 36. Qxc1 {2} Qc8 {4} 37. Rxf7+ {3} Kg8 38. Rg7+ {2} Kf8 {2} 39. Qf4 {1}
Qg4+ {6} 40. Qxg4 {2} hxg4 {1} 41. Rxa7 {2} 1-0

[Event "Internationaux de France BLITZ"]
[Site "Saint Maur des Fosses, France"]
[Date "2024.06.16"]
[Round "3.1"]
[White "Moussard, Jules"]
[Black "Carvallo, Henri"]
[Result "1-0"]
[WhiteElo "2610"]
[BlackElo "2017"]
[PlyCount "51"]
[EventDate "2024.??.??"]

1. c4 d6 2. g3 {16} e5 {2} 3. Bg2 {3} f5 {2} 4. Nc3 {2} Nf6 {2} 5. d3 {2} Be7 {
3} 6. Nf3 {2} O-O {3} 7. O-O {4} Qe8 {5} 8. Bg5 {9} Nbd7 {19} 9. b4 {55} h6 {3}
10. Bd2 {7} g5 {8} 11. c5 {30} d5 {104} 12. e4 {25} fxe4 {21} 13. dxe4 {1} d4 {
2} 14. Nd5 {11} c6 {6} 15. Nc7 {1} Qg6 {49} 16. Nxa8 {12} Bd8 {47} 17. Qc2 {62}
h5 {17} 18. Nxg5 {8} Ng4 {15} 19. Qc4+ {10} Kh8 20. Ne6 {13} Qg8 {24} 21. Rac1
{5} Nb6 {6} 22. cxb6 {3} Bxe6 {1} 23. Qc5 {6} Qf7 {13} 24. bxa7 {20} Be7 {1}
25. Nb6 {2} Bxc5 {5} 26. bxc5 {1} 1-0

[Event "Internationaux de France BLITZ"]
[Site "Saint Maur des Fosses, France"]
[Date "2024.06.16"]
[Round "3.2"]
[White "Boumrar, Ayrad"]
[Black "Fressinet, Laurent"]
[Result "0-1"]
[WhiteElo "2216"]
[BlackElo "2633"]
[PlyCount "100"]
[EventDate "2024.??.??"]

1. e4 {2} e5 {5} 2. Nf3 {1} Nc6 {2} 3. Bb5 {1} a6 {2} 4. Ba4 Nf6 5. d4 exd4 {5}
6. O-O {1} Be7 {22} 7. e5 {3} Ne4 {10} 8. Nxd4 {3} O-O {18} 9. Nf5 {2} d5 {12}
10. Nxe7+ {2} Nxe7 {5} 11. c3 Ng6 {17} 12. f4 {52} f5 {22} 13. Nd2 {43} Be6 {5}
14. Nxe4 {17} fxe4 {9} 15. Be3 {12} c6 {8} 16. Qe2 {51} Qd7 {15} 17. h3 {11}
Nh4 {30} 18. Qf2 {33} Nf5 {16} 19. g4 {18} Nxe3 {7} 20. Qxe3 {1} g6 21. Rf2 {2}
Rf7 {11} 22. Raf1 {6} Raf8 {2} 23. Kg2 {21} Qe7 {8} 24. Bd1 {20} Qh4 {15} 25.
a4 {19} b5 {25} 26. a5 {4} Kh8 {24} 27. b4 {19} Qe7 {3} 28. Kh2 {4} Bc8 {7} 29.
Qd4 {6} Kg8 {1} 30. Qe3 {2} g5 {4} 31. fxg5 {21} Qxe5+ {1} 32. Kg2 {1} Rxf2+ {3
} 33. Rxf2 Rxf2+ {1} 34. Qxf2 Qxc3 {5} 35. Qb6 {2} Qd2+ {8} 36. Kg3 Qxg5 {9}
37. Qxc6 {4} Qe5+ {2} 38. Kg2 {3} Qe6 {22} 39. Qc7 {8} Bd7 {9} 40. Bb3 {17} e3
41. Qd8+ {14} Kf7 {1} 42. Qg5 {7} Qe4+ {7} 43. Kg1 {2} Qb1+ {7} 44. Kg2 Qxb3 {2
} 45. Qf4+ Ke6 {11} 46. Qf5+ {4} Kd6 47. Qf6+ {6} Kc7 {2} 48. Qe5+ Kb7 49. Qd6
{5} Qc2+ {4} 50. Kh1 {1} Qc6 {3} 0-1

[Event "Internationaux de France BLITZ"]
[Site "Saint Maur des Fosses, France"]
[Date "2024.06.16"]
[Round "3.3"]
[White "Lagarde, Maxime"]
[Black "Garde, Guillaume"]
[Result "1-0"]
[WhiteElo "2604"]
[BlackElo "2082"]
[PlyCount "39"]
[EventDate "2024.??.??"]

1. Nf3 d5 {1} 2. e3 {1} c5 {4} 3. c4 d4 {8} 4. b4 Nf6 {24} 5. exd4 {11} cxd4 {2
} 6. d3 {18} Bg4 {29} 7. h3 {5} Bh5 {11} 8. g4 {3} Bg6 9. Bg2 {5} e6 {8} 10.
O-O {3} Qd7 {112} 11. Ne5 {27} Qc7 {3} 12. Bf4 {11} Qc8 {49} 13. Nd2 {36} Nbd7
{5} 14. Ndf3 {24} Nxe5 {11} 15. Nxe5 {2} Be7 {30} 16. Qa4+ {2} Nd7 {13} 17. c5
{6} f6 {19} 18. Nxd7 {2} Qxd7 {2} 19. c6 {1} bxc6 {24} 20. Bxc6 {2} 1-0

[Event "Internationaux de France BLITZ"]
[Site "Saint Maur des Fosses, France"]
[Date "2024.06.16"]
[Round "3.4"]
[White "Martine, Jean-Christophe"]
[Black "Bellahcene, Bilel"]
[Result "0-1"]
[WhiteElo "2004"]
[BlackElo "2544"]
[PlyCount "74"]
[EventDate "2024.??.??"]

1. d4 {2} Nf6 2. Nd2 {1} e6 {10} 3. Ngf3 {1} d5 {1} 4. e3 {1} Bd6 {1} 5. Bd3 {1
} O-O {2} 6. O-O {2} c5 7. c3 {1} Nc6 8. dxc5 {4} Bxc5 9. e4 {1} h6 {2} 10. Qe2
{12} a6 {7} 11. e5 {41} Nd7 {7} 12. Nb3 {29} Ba7 {19} 13. Re1 {14} Nc5 {51} 14.
Nxc5 {17} Bxc5 {1} 15. Bf4 {9} Bd7 {12} 16. Qd2 {25} f5 {4} 17. exf6 {15} Qxf6
{1} 18. Bg3 {12} Rae8 {6} 19. Ne5 {18} Nxe5 {9} 20. Rxe5 {3} Rf7 {25} 21. Rae1
{5} Ref8 22. R1e2 {3} Bd6 {16} 23. R5e3 {1} Bf4 {36} 24. Bxf4 {11} Qxf4 25. Qc2
{14} Rf6 {8} 26. Rf3 {6} Qg5 {13} 27. Rg3 {23} Qh4 {8} 28. Rh3 {18} Qf4 {35}
29. Rf3 {2} Qd6 30. Rxf6 {11} Rxf6 31. Qd2 {11} Qf4 {14} 32. Qxf4 {5} Rxf4 33.
f3 {23} Kf8 {6} 34. Kf2 {1} Ke7 35. g3 {2} Rf8 {2} 36. Ke3 {19} Kd6 {9} 37. f4
{2} g5 {13} 0-1

[Event "Internationaux de France BLITZ"]
[Site "Saint Maur des Fosses, France"]
[Date "2024.06.16"]
[Round "3.5"]
[White "Nicot, Valentin"]
[Black "Yuffa, Daniil"]
[Result "0-1"]
[WhiteElo "2032"]
[BlackElo "2609"]
[PlyCount "62"]
[EventDate "2024.??.??"]

1. c4 {6} g6 {6} 2. Nc3 {4} Bg7 {1} 3. Nf3 {3} c5 {4} 4. g3 {3} Nc6 {2} 5. Bg2
{3} d6 {2} 6. O-O {13} Bf5 {3} 7. d3 {2} Qd7 {2} 8. Rb1 {15} Bh3 {11} 9. a3 {34
} h5 {5} 10. Nd5 {18} Bxg2 {5} 11. Kxg2 {3} e6 {11} 12. Nf4 {12} h4 {14} 13.
gxh4 {43} Nge7 {17} 14. Kh1 {19} Ne5 {16} 15. Nxe5 {13} Bxe5 {7} 16. Ng2 {8}
Nf5 {7} 17. f4 {18} Bf6 {12} 18. e4 {21} Nxh4 {3} 19. Nxh4 {2} Rxh4 {2} 20. b4
{11} O-O-O {8} 21. bxc5 {15} Rdh8 {31} 22. Rf2 {6} Bd4 {2} 23. Rg2 {7} dxc5 {7}
24. Bb2 {3} f5 {24} 25. Bxd4 {9} Qxd4 {32} 26. Qb3 {8} b6 {37} 27. Qb5 {50} Kb7
{27} 28. Qb3 {22} fxe4 {8} 29. dxe4 {1} Qxe4 {3} 30. Rbb2 {12} Rxh2+ {3} 31.
Kg1 {4} Qe1# {2} 0-1

[Event "Internationaux de France BLITZ"]
[Site "Saint Maur des Fosses, France"]
[Date "2024.06.16"]
[Round "3.6"]
[White "David, Alberto"]
[Black "Orieux, Etienne"]
[Result "1-0"]
[WhiteElo "2502"]
[BlackElo "2151"]
[PlyCount "73"]
[EventDate "2024.??.??"]

1. e4 {11} e6 {4} 2. d3 {2} d5 {2} 3. Qe2 Be7 {3} 4. Nf3 {2} Nf6 {4} 5. e5 {3}
Nfd7 {2} 6. g3 c5 {3} 7. Bg2 {1} b5 {18} 8. h4 {19} O-O {41} 9. Bf4 {25} Nc6 {5
} 10. O-O {3} a5 {6} 11. Nbd2 {2} b4 {17} 12. Rfe1 {3} a4 {15} 13. a3 {18} Ba6
{6} 14. axb4 {38} Nxb4 {7} 15. Nf1 {2} c4 {8} 16. dxc4 Bxc4 {3} 17. Qd1 Nc5 {30
} 18. Ne3 {6} Bb5 {21} 19. Nd4 {2} Bd7 {1} 20. Re2 {7} Qb6 {5} 21. Rd2 {7} Nc6
{11} 22. c4 {15} Nxd4 {5} 23. Rxd4 {1} Nb3 {3} 24. Rd3 {15} Nxa1 {5} 25. Qxa1
Bc6 {27} 26. cxd5 {5} Bxd5 {8} 27. Bxd5 {2} exd5 {1} 28. Nxd5 {1} Qb7 {6} 29.
Qd1 {32} Rfd8 {4} 30. Qf3 {1} Qa7 {17} 31. Qg4 {23} Bf8 {24} 32. Bg5 {13} Re8 {
31} 33. Nf6+ {2} Kh8 {4} 34. Rd7 {31} Qb8 {6} 35. Qh5 {17} gxf6 {51} 36. Bxf6+
{9} Bg7 {2} 37. Bxg7+ {3} 1-0